Zara Larsson - Paroles Lush Life - Statistiques

Statistiques générales
  • Ce quiz a été pris 59 fois
  • Le résultat moyen est 304 sur 464
Statistiques - réponses
Hint Réponse % Correct
a
100%
Refrain I
100%
woah
100%
no
98%
No
98%
the
96%
The
96%
day
91%
my
89%
crush
87%
it
87%
Couplet 1 | Couplet 2 It
87%
night,
87%
summer
87%
last
85%
live
85%
Live
85%
ooh
85%
Ooh,
85%
ooh,
85%
was
85%
when
85%
all
83%
rush
83%
as
80%
if
80%
way
80%
Doin'
76%
past
76%
wanna
76%
there
74%
to
72%
Now,
67%
now
67%
Post-refrain Now
67%
be
65%
lush
63%
me
63%
blush
61%
found
57%
like
57%
other
57%
But
54%
heart
54%
in
54%
on
54%
up
54%
up,
54%
another
52%
comes
52%
gave
52%
given
52%
is
52%
mornin'
52%
Yeah,
50%
yeah,
50%
yeah
50%
get
48%
So
48%
spend
48%
too
48%
won't
48%
and
46%
I'm
46%
I'ma
46%
"I'ma
46%
make
46%
dance
43%
high
43%
I've
43%
much
43%
one
43%
'til
43%
Gonna
41%
low,
41%
that
41%
couldn't,
39%
couldn't
39%
dawn
39%
enough
39%
back
37%
done
37%
life's
37%
out
37%
time
37%
chance
35%
Second
35%
late
33%
said
33%
Had
28%
matters
28%
that's
28%
went
28%
Pré-refrain Went
28%
Gotta
26%
right
22%
touch"
22%
What
22%
ain't
20%
groove
20%
off
20%
better
17%
bluff
17%
bust
17%
just
17%
kept
17%
sayin',
17%
stay
17%
thing
17%
tricks,
17%
mood
15%
run
15%
Still
15%
cuffs
13%
dry
13%
Gettin'
13%
sun
13%
waters
13%
them
11%
us
11%
without
11%
set
9%
ever
7%
worried
7%
might've
2%
Aucun quiz correspondant
Distribution des résultats
% des personnes avec chaque résultat
Percentile par nombre de réponses
Votre historique - résultats
Vous n’avez pas pris ce quiz